La gran empresa en España: un proceso de dependencia y concentración
Gespeichert in:
| 1. Verfasser: | |
|---|---|
| Format: | Buch |
| Sprache: | Spanisch |
| Veröffentlicht: |
Madrid
Consejo Económico y Social
1998
|
| Ausgabe: | 1a. ed |
| Schriftenreihe: | Colección Estudios, 55
|
| Schlagworte: | |
| Tags: |
Tag hinzufügen
Keine Tags, Fügen Sie den ersten Tag hinzu!
|
MARC
| LEADER | 00000nam a2200000 a 4500 | ||
|---|---|---|---|
| 001 | UCK3834 | ||
| 003 | CL-VaPUC | ||
| 008 | 050513e19980000SP |||||||||||||||||spa|d | ||
| 020 | |a 8481880663 | ||
| 082 | 0 | 4 | |a 338.644 |b SAN |2 21 |
| 100 | 0 | |a Sánchez, Joan-Eugeni |e author |9 492176 | |
| 245 | 1 | 3 | |a La gran empresa en España: un proceso de dependencia y concentración |
| 250 | |a 1a. ed | ||
| 300 | |a 277 p | ||
| 942 | |c BK | ||
| 945 | |d 20050513 00:00:00 |a cmena | ||
| 260 | |a Madrid |b Consejo Económico y Social |c 1998 | ||
| 650 | 0 | |a Producción industrial |9 307907 | |
| 650 | 0 | |a Empresas |9 255569 | |
| 650 | 0 | |a Productividad |9 335972 | |
| 650 | 0 | |a Mercado laboral |9 375911 | |
| 650 | 7 | |a COMERCIO INTERNACIONAL |2 CL-VaPUC |9 492177 | |
| 651 | 0 | |a España |9 254926 | |
| 583 | |a last modification |c 20050513 00:00:00 |k Rodrigo Vera | ||
| 490 | 0 | |a Colección Estudios, 55 | |
| 999 | |c 312886 |d 312884 | ||
| 952 | |0 0 |1 0 |4 0 |6 338_644000000000000_SAN_1998 |7 0 |8 A |9 383732 |a BIBGIM |b BIBGIM |d 2019-11-22 |i 4099974 |o 338.644 SAN 1998 |p 4099974 |r 2025-01-15 |w 2019-11-22 |y BK |k GIM | ||